| 000 | 00700nam a22002297a 4500 | ||
|---|---|---|---|
| 005 | 20170124110009.0 | ||
| 010 | _aA-782337 | ||
| 020 | _c00.00 | ||
| 035 | _aA-782337 | ||
| 037 | _bCen Lib/Ret | ||
| 040 |
_aDPL _bEN |
||
| 082 |
_a305.56 _bMOH |
||
| 100 |
_aMohan, P.E. _917385 |
||
| 245 |
_aScheduled castes : _cby P.E. Mohan _bhistory of elevation, tamil nadu, 1900-1955 / |
||
| 260 |
_bNew Era Publictions _aMadras _c1993 |
||
| 270 |
_bMadras _e600028 |
||
| 300 |
_axi, 186p. : _c21cm(Hb) |
||
| 500 | _aIncludes bibliographical references and index | ||
| 650 |
_aSheduled castes _981226 |
||
| 650 |
_aEducational progresss _917387 |
||
| 942 |
_2ddc _cEN _h305.56 _mMOH |
||
| 999 |
_c126379 _d126379 |
||